000 00719cam a22001814a 4500
005 20250605164401.0
008 250528s ||||||||||||||||||||||||d
035 _a24586
040 _aGR-AtMCL
_bgre
_dGR-AtMCL
_eAACR2
245 1 _aΣτη CPA Πιστεύουμε 'Help Yourself Today, Win Your Future Tomorrow
260 _bFinance Pro,
_c2021
300 _a66
520 _aΜαρία Θεοδουλίδου: Ηγετικός ο Ρόλος του CFO στις Επιχειρήσεις, Public Services: Στροφή του Ελληνικού Δημοσίου στη Νέα Ψηφιακή Εποχή.
700 1 _aΜπούσιας Μιχάλης Κ
_99357
942 _cCR
999 _c9456
_d9456